000 00504nam a2200193Ia 4500
005 20250603150002.0
008 250603s9999 xx 000 0 und d
020 _a053462586X
050 _aBC 50 .F63/
100 _aFogelin, Robert J.
245 0 _aUnderstanding arguments : an introduction to informal logic
250 _a7th ed.
260 _aAustralia ; Belmont, CA
260 _bThomson Wadsworth
260 _cc2005
300 _a619 p
650 _aAustralia ; Belmont, CA
942 _cBK
999 _c43432
_d43432